2019 Eurovision Songs by Spotify Streams - Statistics

General Stats
  • This quiz has been taken 104 times
  • The average score is 5 of 10
Answer Stats
Streams Song Place % Correct
1.4 b Arcade 1
100%
263.2 m Soldi 2
83%
52.3 m Spirit in the Sky 6
71%
58.9 m She Got Me 4
58%
51.4 m Too Late For Love 5
51%
19.4 m Replay 13
40%
33.9 m La Venda 22
36%
16.3 m Chameleon 14
33%
26.3 m Roi 16
33%
14.8 m Storm 20
19%
No matching quizzes found
Score Distribution
Percent of People with Each Score
Percentile by Number Answered
Your Score History
You have not taken this quiz